|
|
|
|
| LEADER |
00000cam a2200000 i 4500 |
| 001 |
1/88079 |
| 008 |
080609s1920 gre d |
| 035 |
|
|
|l 10098027
|
| 040 |
|
|
|a GR-MY-UA
|b gre
|e aacr
|
| 041 |
0 |
|
|a gre
|
| 082 |
0 |
|
|a 889.332
|2 (22)
|
| 100 |
1 |
|
|a Λυκούδης, Εμμανουήλ Σ.,
|d 1849-1925.
|
| 245 |
1 |
0 |
|a Κίμων Ανδρεάδης ; Οι Νεμρώδ της Λαυριωτικής /
|c Εμμανουήλ Στυλιανού Λυκούδη
|
| 260 |
|
|
|a Αθήναι :
|b Εστία,
|c 1920
|
| 300 |
|
|
|a 216 σ.;
|c 21 εκ.
|
| 650 |
0 |
0 |
|a Greek literature, Modern
|y 20th century.
|
| 650 |
0 |
0 |
|a Greek fiction, Modern
|y 20th century.
|
| 852 |
|
|
|a INST
|b RHODES
|c AKA
|e 20080609
|h 889.332 ΛΥΚ
|p 005400027877
|q 005400027877
|t BK
|y 0
|
| 901 |
|
|
|a BIBL4-2008-2
|
| 909 |
|
|
|a Ρ
|b 150519
|
| 970 |
|
|
|a ΧΑΡΙΟΠΟΛΙΤΟΥ
|b ΚΩΝΣΤΑΝΤΙΝΑ
|z 2008/06/09
|